000 00572nam a2200181Ia 4500
008 140527s9999 xx 000 0 und d
020 _a9781285176062
050 _aHF 5381
_b.Sh23 2013
100 _aSharf, Richard S.
245 _aApplying career development theory to counseling /
_cRichard S. Sharf
250 _a6th ed.
260 _aBelmont, CA :
_bCengage Learning,
_cc2013.
300 _a498 p. :
_bcol. ill. ;
_c26 cm.
500 _aIncludes bibliographical references, appendices and indexes.
521 _aPSYCH
942 _kFOR
_cBK
999 _c117457
_d117457